000
00355nam a2200133Ia 4500
008
231129s1997||||xx |||||||||||||| ||spa||
020
_a
84-8055-057-0
040
_b
spa
082
_a
R 581.022 A881
245
0
_a
Atlas de botanica : El mundo de las plantas
260
_c
1997
264
_a
Cultural
942
_2
ddc
_c
BKS
999
_c
5792
_d
5792